Istenkeresés és értelemkérdés
Elmentve itt :
| Szerző: | |
|---|---|
| További közreműködők: | |
| Adatforrás: | Philobibl |
| Dokumentumtípus: | Könyv |
| Nyelv: | magyar |
| Kulcsszavak: | holokauszt vallásfilozófia hit értelem logoterápia pszichoterápia |
| Megjelent: |
[Budapest]
Ursus Libris
2023
|
| LEADER | 00949nam a2200241 c 4500 | ||
|---|---|---|---|
| 001 | bibMOK08763509 | ||
| 005 | 20240325091952.2 | ||
| 008 | 230725s20232007hu 00010 hun d | ||
| 100 | 1 | |a Frankl, Viktor Emil | |
| 245 | 1 | 0 | |a Istenkeresés és értelemkérdés |c Viktor E. Frank, Pinchas Lapide |
| 260 | |a [Budapest] |b Ursus Libris |c 2023 | ||
| 300 | |a 158 p | ||
| 505 | 2 | 0 | |t FÜGGELÉK. - |t Viktor E. Frankl élete és munkássága |r Alexander Batthyány. |t Pinchas Lapide élete és munkássága |r Ruth Lapide. |t Istenkeresés és értelemkérdés : a könyvről |r Alexander Batthyány. |t Humanitáson innen és túl : a vallás szerepe Viktor Frankl munkáiban |r Sárkány Péter |
| 695 | |a holokauszt | ||
| 695 | |a vallásfilozófia | ||
| 695 | |a hit | ||
| 695 | |a értelem | ||
| 695 | |a logoterápia | ||
| 695 | |a pszichoterápia | ||
| 700 | 1 | |a Lapide, Pinchas | |
| 700 | 1 | |a Sárkány Péter | |
| 700 | 1 | |a Batthyány, Alexander | |
| 730 | 0 | |a Gottsuche und Sinnfrage | |